Most popular female albums on Spotify(2024) - Statistics

General Stats
  • This quiz has been taken 61 times
  • The average score is 10 of 15
Answer Stats
Rank Album Artist Streams % Correct
#1 Sour Olivia Rodrigo 12.99 B
96%
#11 1989 Taylor Swift 8.37 B
79%
#7 Midnights Taylor Swift 9.49 B
73%
#9 Folklore Taylor Swift 8.50 B
71%
#3 Future Nostalgia Dua Lipa 12.68 B
71%
#5 Lover Taylor Swift 11.02 B
69%
#8 SOS SZA 8.82 B
65%
#10 Reputation Taylor Swift 8.39 B
63%
#2 Dua Lipa Dua Lipa 12.69 B
60%
#12 Born To Die Lana Del Rey 8.04 B
58%
#15 Anti Rihanna 7.31 B
56%
#14 Thank U, Next Ariana Grande 7.93 B
56%
#4 When We All Fall Asleep, Where Do We Go? Billie Eilish 11.34 B
56%
#13 Planet Her Doja Cat 8.00 B
50%
#6 Don't Smile At Me Billie Eilish 9.77 B
42%
No matching quizzes found
Score Distribution
Percent of People with Each Score
Percentile by Number Answered
Your Score History
You have not taken this quiz